LEADER 01093nam a2200241 i 4500 001 000000139484 003 CaOOAMICUS 005 20050525000000.0 008 050525s1973 it u000 u ita u 013 $a113547 040 $aSeMil$bita 245 13$aLa rivoluzione scientifica :$bda Copernico a Newton /$ca cura di Paolo Rossi. 260 $aTorino :$bLoescher,$c1973. 300 $aXX, 417 p. ;$c19 cm. 490 0 $aClassici della filosofia : collana di testi con introduzione e note 650 4$aScienze - Storia - Sec. 16.-17.$0(OLS)http://semarc/subject/15147 700 1 $aRossi, Paolo,$c.$0(OLS)http://semarc/name/908 830 0$aClassici della filosofia : collana di testi con introduzione e note.$0(OLS)http://semarc/title/7116 850 $aSeMil 852 $aSeMil$W1$xVenegono$y1$m202 1 12 *$j92892$B92892$CSeMilBibl$Z2$F98190 $81 961 $aLascito: Corradi mons. Enrico 996 $6245$aLa rivoluzione scientifica :$bda Copernico a Newton$9(OLS)http://semarc/title/203795 996 $6260$aTorino :$bLoescher$9(OLS)http://semarc/publisher/30450 LEADER 00866nam a2200217 i 4500 001 000000197875 003 CaOOAMICUS 005 20110228000000.0 008 110228s1970 it u000 u ita u 013 $a176563 040 $aSeMil$bita 100 1 $aAmalrik, Andrej.$0(OLS)http://semarc/name/56513 245 10$aSopravviverà l'Unione Sovietica fino al 1984? /$cAndrej Amalrik. 260 $aRoma :$bCoines,$c1970. 300 $a107 p. ;$c19 cm. 650 4$aUnione Sovietica - Politica.$0(OLS)http://semarc/subject/25456 850 $aSeMil 852 $aSeMil$W1$xVenegono$y1$m3V I 215$j148431$B148431$CSeMilBibl$Z2$F166474 $81 961 $aOmaggio: Grampa dott. Cesare 996 $6245$aSopravviverà l'Unione Sovietica fino al 1984?$9(OLS)http://semarc/title/285800 996 $6260$aRoma :$bCoines$9(OLS)http://semarc/publisher/31506